| 000 | 00463nam a2200169Ia 4500 | ||
|---|---|---|---|
| 999 |
_c10490 _d10490 |
||
| 003 | OSt | ||
| 005 | 20220405130444.0 | ||
| 008 | 220318s9999 xx 000 0 und d | ||
| 020 | _a9788492861330 | ||
| 082 | _a711 | ||
| 100 | _aGuallart, Vicente | ||
| 245 | 0 | _aSelf sufficient city : envisioning the habitat of the future : 3rd advanced architecture contest | |
| 260 | _a ActarD Inc; English ed. edition | ||
| 365 | _b16.5 | ||
| 365 | _cGBP | ||
| 942 | _2ddc | ||